[Event "zt 3.5 China Men 2012"]
[Site "Beijing CHN"]
[Date "2012.09.16"]
[Round "3.12"]
[White "Liu Guanchu"]
[Black "Xu,Minghui"]
[Result "1/2-1/2"]
[WhiteElo "2232"]
[BlackElo "2086"]

1.e4 c5 2.Nf3 d6 3.d4 Nf6 4.Nc3 cxd4 5.Nxd4 a6 6.Be3 e5 7.Nb3 Be6 8.f4 Ng4
9.Bd2 exf4 10.Bxf4 Be7 11.Qd2 O-O 12.O-O-O Ne5 13.Kb1 Nbd7 14.Nd4 Nb6 15.Nxe6 fxe6
16.g3 Nbc4 17.Qd4 Rc8 18.Bh3 Rf6 19.Rhf1 Qe8 20.Bc1 Bd8 21.Nd5 Rxf1 22.Rxf1 Nf7
23.b3 Rc5 24.bxc4 exd5 25.exd5 Bf6 26.Rxf6 gxf6 27.Be6 Kg7 28.Qg4+ Kh8 29.Ba3 Rc7
30.Qd4 Qe7 31.Bxf7 Qxf7 32.Bxd6 Rd7 33.c5 b6 34.c4 bxc5 35.Bxc5 a5 36.Kb2 Rb7+
37.Bb6 Re7 38.Bd8 Re2+ 39.Kc3 Rxa2 40.Qxf6+ Kg8 41.Kb3 Rxh2 42.Qxf7+ Kxf7
43.Bxa5 h5 44.Kb4 h4 45.gxh4 Rxh4 46.Kb5 Ke8 47.c5 Kd7 48.Bb4 Rh5 49.d6 Kc8
50.Kb6 Kd8 51.Kc6 Rh6 52.Kb6 Rh5 53.Kc6 Rh6 54.Kb7 Rh7+ 55.Kb6 Rh5 56.c6 Rd5
57.Bc5 Kc8 58.Bb4 Kd8 59.Bc5 Kc8 60.Bb4 Kd8 61.Ba3 Rd3 62.Bb4 Rd5 63.Ka6 Kc8
64.Kb6 Kd8 65.Ba5 Kc8 66.Bb4 Kd8 67.Bc5  1/2-1/2

[Event "TCh-HUN 2012-13"]
[Site "Mako HUN"]
[Date "2012.09.16"]
[Round "1"]
[White "Grimm,D"]
[Black "Farkas,Ti"]
[Result "1/2-1/2"]
[WhiteElo "2151"]
[BlackElo "2261"]

1.e4 c5 2.Nf3 d6 3.d4 cxd4 4.Nxd4 Nf6 5.Nc3 a6 6.Be3 e6 7.g4 h5 8.g5 Ng4
9.Bc1 Qb6 10.h3 Ne5 11.Nb3 Nbc6 12.Be3 Qc7 13.f4 Nd7 14.Qd2 b5 15.O-O-O Bb7
16.g6 Nf6 17.gxf7+ Qxf7 18.Bg2 O-O-O 19.Qe2 Nd7 20.Kb1 Be7 21.Rhf1 g6  1/2-1/2

[Event "TCh-SRB Prem 2012"]
[Site "Valjevo SRB"]
[Date "2012.09.19"]
[Round "3.4"]
[White "Pikula,D"]
[Black "Kumic,F"]
[Result "1-0"]
[WhiteElo "2489"]
[BlackElo "2223"]

1.e4 c5 2.Nf3 d6 3.d4 cxd4 4.Nxd4 Nf6 5.Nc3 a6 6.Be3 e5 7.Nb3 Be7 8.h3 Be6
9.Qf3 Nbd7 10.g4 Nb6 11.O-O-O Qc7 12.Kb1 Rc8 13.Bxb6 Qxb6 14.g5 Rxc3 15.bxc3 Nd7
16.h4 a5 17.Ka1 O-O 18.Rb1 Qc7 19.Bh3 a4 20.Nd2 Nc5 21.Rb4 f6 22.g6 hxg6
23.h5 Bxh3 24.hxg6  1-0

[Event "DYTM KL Open 2012"]
[Site "Kuala Lumpur MAS"]
[Date "2012.09.20"]
[Round "5.14"]
[White "Kulpruethanon,Thanadon"]
[Black "Duong The Anh"]
[Result "0-1"]
[WhiteElo "2093"]
[BlackElo "2370"]

1.e4 c5 2.Nf3 d6 3.d4 cxd4 4.Nxd4 Nf6 5.Nc3 a6 6.Be3 e5 7.Nb3 Be6 8.f3 Be7
9.Qd2 O-O 10.O-O-O Nbd7 11.g4 Nb6 12.g5 Nh5 13.Rg1 Rc8 14.Kb1 g6 15.Qf2 Nc4
16.Bxc4 Rxc4 17.Nd5 f5 18.Bb6 Qd7 19.Nc5 dxc5 20.Nf6+ Nxf6 21.gxf6 Bd6 22.f4 Rd4  0-1

[Event "TCh-SRB Prem w 2012"]
[Site "Valjevo SRB"]
[Date "2012.09.20"]
[Round "4.4"]
[White "Nickovic,Teodora"]
[Black "Milutinovic,Stef"]
[Result "0-1"]
[WhiteElo "1527"]
[BlackElo "1981"]

1.e4 c5 2.Nf3 d6 3.d4 cxd4 4.Nxd4 Nf6 5.Nc3 a6 6.Be3 Nc6 7.Qd2 Nxd4 8.Qxd4 e5
9.Qd2 Be6 10.f3 Qc7 11.Be2 Be7 12.O-O Rc8 13.Rac1 O-O 14.a3 b5 15.Kh1 Rfd8
16.Bg5 d5 17.Bxf6 dxe4 18.Qe1 Bxf6 19.Nxe4 Be7 20.Bd3 Bc4 21.Bxc4 Qxc4 22.Qe3 h6
23.Qf2 f5 24.Nd2 Qc7 25.Nb3 Bg5 26.Rcd1 Rxd1 27.Rxd1 Qxc2 28.Qxc2 Rxc2 29.Rb1 Kf7
30.Kg1 Be3+ 31.Kh1 Bd4 32.Nxd4 exd4 33.Kg1 d3 34.Rd1 d2 35.Kf2 Rxb2 36.Ke2 Rc2
37.Rxd2 Rxd2+ 38.Kxd2 Ke6 39.Kc3 Kd5 40.Kd3 a5 41.Kc3 Kc5 42.g3 b4+ 43.axb4+ axb4+
44.Kb3 g5 45.h4 gxh4 46.gxh4 Kd4  0-1

[Event "TCh-VIE 2012"]
[Site "Ho Chi Minh City VIE"]
[Date "2012.09.21"]
[Round "2.1"]
[White "Nguyen Van Thanh"]
[Black "Dao Thien Hai"]
[Result "0-1"]
[WhiteElo "2214"]
[BlackElo "2526"]

1.e4 c5 2.Nf3 d6 3.d4 cxd4 4.Nxd4 Nf6 5.Nc3 a6 6.Be3 e5 7.Nb3 Be6 8.Be2 Nbd7
9.O-O b5 10.a4 b4 11.Nd5 Bxd5 12.exd5 Be7 13.a5 Qc7 14.Qd2 Qb7 15.Rfd1 O-O
16.Ra4 Rfb8 17.f3 Bf8 18.Nc1 Nc5 19.Ra1 Rc8 20.b3 Rab8 21.Bc4 e4 22.Bd4 exf3
23.gxf3 Ncd7 24.Bxf6 Nxf6 25.Ne2 g6 26.Qf4 Nd7 27.Nd4 Ne5 28.Nc6 Nxc6 29.dxc6 Rxc6
30.Rd5 Re8 31.Rad1 Qa7+ 32.Kf1 Qc7 33.Be2 Re5 34.Bc4 Bg7 35.Rxe5 Bxe5 36.Qe4 Kg7
37.f4 Bc3 38.Qe8 Rxc4 39.bxc4 Qxc4+ 40.Qe2 Qxf4+ 41.Qf2 Qe5 42.Qb6 Qxh2 43.Rxd6 Qxc2
44.Qxa6 b3 45.Rb6 Bd4  0-1

[Event "TCh-CHN 2012"]
[Site "Hangzhou CHN"]
[Date "2012.09.22"]
[Round "11"]
[White "Ding Yixin"]
[Black "Zhai Mo"]
[Result "1-0"]
[WhiteElo "2350"]
[BlackElo "2262"]

1.e4 c5 2.Nf3 d6 3.d4 cxd4 4.Nxd4 Nf6 5.Nc3 a6 6.Be3 e6 7.Be2 Qc7 8.Qd2 b5
9.a3 Bb7 10.f3 Nc6 11.g4 Be7 12.g5 Nd7 13.h4 Nxd4 14.Bxd4 e5 15.Be3 Rc8 16.h5 Nb6
17.O-O-O d5 18.Bxb6 Qxb6 19.Nxd5 Bxd5 20.exd5 Bc5 21.Qd3 Qd6 22.g6 O-O 23.f4 e4
24.Qxe4 Rce8 25.gxf7+ Kxf7 26.Qg2 Bxa3 27.Rd3 Bc5 28.Bg4 Qxf4+ 29.Kb1 Kg8
30.h6 Qe5 31.Be6+ Kh8 32.hxg7+ Qxg7 33.Rg3 Qc7 34.Qe4 Re7 35.Rc3 Qd6 36.b4 Bxb4
37.Qd4+ Rg7 38.Rch3  1-0

[Event "TCh-CHN 2012"]
[Site "Hangzhou CHN"]
[Date "2012.09.23"]
[Round "12"]
[White "Wang Yu A"]
[Black "Zhang Jilin"]
[Result "1-0"]
[WhiteElo "2372"]
[BlackElo "2257"]

1.e4 c5 2.Nf3 d6 3.d4 cxd4 4.Nxd4 Nf6 5.Nc3 a6 6.Be3 e5 7.Nb3 Be7 8.h3 O-O
9.g4 Be6 10.g5 Nfd7 11.Qd2 Nc6 12.Nd5 Nc5 13.Bg2 a5 14.O-O-O Nxb3+ 15.axb3 a4
16.b4 a3 17.bxa3 Rxa3 18.Kb2 Ra4 19.c3 Qd7 20.Ra1 Rfa8 21.Rxa4 Rxa4 22.Bf1 Bd8
23.Bb5 Ra8 24.h4 Qc8 25.h5 Ne7 26.h6 Bxd5 27.exd5 g6 28.f4 Nf5 29.Rf1 Ng3
30.Rc1 Nf5 31.Bf2 f6 32.fxe5 dxe5 33.Bc5 b6 34.Bg1 Nd6 35.Qe2 Nxb5 36.Qxb5 Qc7
37.Qe8+  1-0

[Event "30th Balaton Open"]
[Site "Heviz HUN"]
[Date "2012.09.23"]
[Round "1.2"]
[White "Grimm,D"]
[Black "Aczel,G"]
[Result "1/2-1/2"]
[WhiteElo "2151"]
[BlackElo "2431"]

1.e4 c5 2.Nf3 d6 3.d4 cxd4 4.Nxd4 Nf6 5.Nc3 a6 6.Be3 e5 7.Nb3 Be7 8.Qd2 Qc7
9.O-O-O Nbd7 10.f3 h5 11.Rg1 b5 12.Kb1 Bb7 13.g3 b4 14.Nd5 Nxd5 15.exd5 Nf6
16.Bg5 Nxd5 17.Bxe7 Nxe7 18.Qxd6 Qxd6 19.Rxd6 Bxf3 20.Bxa6 O-O 21.Re1 Nf5
22.Rb6 e4 23.Nd2 Rfe8 24.Rxb4 Rxa6 25.Nxf3 e3 26.Nd4 Rf6 27.Nxf5 Rxf5 28.Kc1 Rf2
29.Rb3 Rc8 30.Rexe3 Rcxc2+ 31.Kb1 Rxh2 32.a4 Rc5 33.Rec3 Ra5 34.Rc4 Kh7 35.Ra3 g5
36.b4 Re5 37.Rc2 Rh1+ 38.Kb2 Ree1 39.a5 Rb1+ 40.Kc3 Rhe1 41.Ra4 Re3+ 42.Kc4 Re8
43.Rc3 h4  1/2-1/2

[Event "Tatry Open 2012"]
[Site "Tatranske Zruby SVK"]
[Date "2012.09.23"]
[Round "1.50"]
[White "Zbirka,P"]
[Black "Goga,F"]
[Result "1/2-1/2"]
[WhiteElo "2031"]
[BlackElo "1944"]

1.e4 c5 2.Nf3 d6 3.d4 cxd4 4.Nxd4 Nf6 5.Nc3 a6 6.Be3 e5 7.Nf3 Qc7 8.h3 Be7
9.Bd3 Be6 10.O-O Nbd7 11.Qe2 b5 12.a3 Nb6 13.Nd2 O-O 14.f4 Nc4 15.Bxc4 Bxc4
16.Nxc4 Qxc4 17.Qxc4 bxc4 18.fxe5 dxe5  1/2-1/2

[Event "Tatry Open 2012"]
[Site "Tatranske Zruby SVK"]
[Date "2012.09.23"]
[Round "1.40"]
[White "Slovak,Pa"]
[Black "Socha,J"]
[Result "1/2-1/2"]
[WhiteElo "2044"]
[BlackElo "1988"]

1.e4 c5 2.Nf3 d6 3.d4 cxd4 4.Nxd4 Nf6 5.Nc3 a6 6.Be3 e5 7.Nb3 Be7 8.Be2 Be6
9.O-O O-O 10.Nd5 Nxd5 11.exd5 Bf5 12.c4 Nd7 13.f4 exf4 14.Bxf4 Bg6 15.Kh1 Rc8
16.Rc1 Re8 17.Qd2 Nf6 18.Na5 Qd7 19.Bd3 Ne4 20.Bxe4 Bxe4 21.Bg5 Qg4 22.Bxe7 Rxe7
23.Rc3 Rce8 24.Rg3 Qh5 25.Nb3 Bg6 26.Nd4 Re4 27.b3 Qe5 28.Nf3 Qe7 29.Ng1 Re1
30.Rgf3 Qe5 31.Rxe1  1/2-1/2

[Event "TCh-VIE 2012"]
[Site "Ho Chi Minh City VIE"]
[Date "2012.09.24"]
[Round "5.21"]
[White "Nguyen Thanh Nghia"]
[Black "Nguyen,Hai Dao"]
[Result "1/2-1/2"]
[WhiteElo "2143"]
[BlackElo "1997"]

1.e4 c5 2.Nf3 d6 3.d4 cxd4 4.Nxd4 Nf6 5.Nc3 a6 6.Be3 Qc7 7.Be2 Nc6 8.O-O e6
9.f4 Be7 10.Bf3 Nxd4 11.Bxd4 e5 12.Bf2 Bd7 13.f5 Bc6 14.Qd3 b5 15.a3 O-O
16.Bh4 Rfd8 17.Bxf6 Bxf6 18.Qe3 Qa7 19.Qxa7 Rxa7 20.Rad1 Rc7 21.Rd3 Be7 22.Rfd1 Rb8
23.Na2 a5 24.c3 Bb7 25.Kf2 Rc4 26.Re1 Rbc8 27.g3 Kf8 28.h4 g6 29.fxg6 hxg6
30.Rd2 Kg7 31.Nc1 b4 32.axb4 axb4 33.Na2 bxc3 34.Nxc3 Rb4 35.Ra1 Ra8 36.Rxa8 Bxa8
37.Na2 Rc4 38.b3 Rc6 39.Bd1 Bd8 40.Nb4 Ba5 41.Ra2 Bxb4 42.Rxa8 Rc1 43.Ke2 Rc3
44.g4 Bc5 45.Kd2 Rh3 46.h5 gxh5 47.gxh5 Bb4+ 48.Kc1 Rh4 49.Bc2 Rxh5 50.Rb8 Bc3
51.Bd3 Rh8 52.Rb7 Kf6 53.Bc4 Rf8 54.Kc2 Bd4 55.b4  1/2-1/2

[Event "72nd ch-UKR w 2012"]
[Site "Kharkiv UKR"]
[Date "2012.09.25"]
[Round "1.2"]
[White "Muzychuk,M"]
[Black "Ushenina,A"]
[Result "1/2-1/2"]
[WhiteElo "2466"]
[BlackElo "2433"]

1.e4 c5 2.Nf3 d6 3.d4 Nf6 4.Nc3 cxd4 5.Nxd4 a6 6.Be3 e5 7.Nf3 Qc7 8.a4 Be7
9.a5 O-O 10.Be2 Nc6 11.Bb6 Qb8 12.Nd5 Nxe4 13.Bc7 Qa7 14.O-O Be6 15.Nxe7+ Nxe7
16.Bd3 Qc5 17.Bb6 Qc6 18.Bxe4 Qxe4 19.Qxd6 Nc8 20.Qxe5 Qxe5 21.Nxe5 Nxb6
22.axb6 Rac8 23.c3 f6 24.Nd3 Rc6  1/2-1/2

[Event "1st Simon Bolivar Open 2012"]
[Site "San Cristobal VEN"]
[Date "2012.09.25"]
[Round "1.2"]
[White "Gonzalez,Fi"]
[Black "Leitao,R"]
[Result "0-1"]
[WhiteElo "2228"]
[BlackElo "2623"]

1.e4 c5 2.Nf3 d6 3.d4 cxd4 4.Nxd4 Nf6 5.Nc3 a6 6.Be3 e5 7.Nb3 Be7 8.f3 Be6
9.Qd2 O-O 10.O-O-O a5 11.a4 Nc6 12.Kb1 Nb4 13.Bb5 d5 14.exd5 Nfxd5 15.Nxd5 Bxd5
16.Qf2 Qc8 17.Rd2 Bxb3 18.cxb3 Qe6 19.Bc4 Qg6+ 20.Ka1 Rfc8 21.Rhd1 b5 22.Bxb5 Qe6
23.Rd3 Rc2 24.Qf1 Nxd3 25.Rxd3 e4 26.fxe4 Qxe4 27.Bc4 Bf6 28.Rd2 Bxb2+  0-1

[Event "Leicester H.E. Atkins Open 2012"]
[Site "Leicester ENG"]
[Date "2012.09.28"]
[Round "1"]
[White "Adair,J"]
[Black "Bowmer,Kevin"]
[Result "1-0"]
[WhiteElo "2292"]
[BlackElo "2035"]

1.e4 c5 2.Nf3 d6 3.d4 cxd4 4.Nxd4 Nf6 5.Nc3 a6 6.Be3 e6 7.f3 b5 8.Qd2 Bb7
9.g4 Nfd7 10.O-O-O Nb6 11.Bd3 N8d7 12.Kb1 Ne5 13.Qe1 Be7 14.Rg1 O-O 15.f4 Nxd3
16.cxd3 Re8 17.g5 d5 18.e5 b4 19.Nce2 Nd7 20.Ng3 g6 21.h4 a5 22.h5 Bf8 23.Qe2 Rc8
24.Rh1 Ba6 25.hxg6 fxg6 26.Qh2 Bg7 27.Qxh7+ Kf7 28.f5 gxf5 29.g6+ Kf8 30.Bh6  1-0

[Event "1st Simon Bolivar Open 2012"]
[Site "San Cristobal VEN"]
[Date "2012.09.28"]
[Round "7.17"]
[White "Hevia,A"]
[Black "Leiva,G"]
[Result "0-1"]
[WhiteElo "2518"]
[BlackElo "2286"]

1.e4 c5 2.Nf3 d6 3.d4 cxd4 4.Nxd4 Nf6 5.Nc3 a6 6.Be3 e5 7.Nb3 Be6 8.Qd2 Nbd7
9.f4 b5 10.O-O-O Rc8 11.Kb1 Be7 12.h3 b4 13.Nd5 Nxd5 14.exd5 Bf5 15.Bd3 Bxd3
16.Qxd3 Qc7 17.g4 O-O 18.g5 f5 19.gxf6 Bxf6 20.f5 e4 21.Qe2 Ne5 22.Rhg1 a5
23.Nd4 Nc4 24.Bg5 Nxb2 25.Bxf6 Nxd1 26.Ne6 Rxf6 27.Qxd1 Qc3 28.Rxg7+ Kh8
29.Rd7 a4 30.Ng5 a3 31.Rxh7+ Kg8  0-1

[Event "Tatry Open 2012"]
[Site "Tatranske Zruby SVK"]
[Date "2012.09.28"]
[Round "7.8"]
[White "Klein,Fe"]
[Black "Navratil,Ji3"]
[Result "1-0"]
[WhiteElo "2310"]
[BlackElo "2057"]

1.e4 c5 2.Nf3 d6 3.d4 cxd4 4.Nxd4 Nf6 5.Nc3 a6 6.Be3 e5 7.Nf3 Be7 8.Bc4 O-O
9.O-O Nc6 10.Qe2 b5 11.Bb3 Be6 12.Rfd1 h6 13.Nd5 Bxd5 14.Bxd5 Nxd5 15.Rxd5 Qc8
16.a4 Qg4 17.Nd4 Qxe2 18.Nxe2 bxa4 19.Rxa4 Rfb8 20.b3 Rb4 21.Nc3 Rc8 22.Rxa6 Nd4
23.Na2 Nxc2 24.Nxb4 Nxb4 25.Raa5 Nxd5 26.Rxd5 Rb8 27.Rd3 Bg5 28.Bxg5 hxg5
29.Kf1 Rb4 30.Re3 f6 31.Ke2 Rd4 32.f3 Kf7 33.Rd3 Rb4 34.Kd2 Ke6 35.Kc3 Rb8
36.b4 Kd7 37.Rd5 g6 38.Ra5 f5 39.Kc4 g4 40.Ra2 gxf3 41.gxf3 fxe4 42.fxe4 Ke6
43.b5 Rc8+ 44.Kb4 Rc1 45.Rg2 Rd1 46.Rxg6+ Kd7 47.Ka5 Rd4 48.Rg4 d5 49.Rg7+ Kc8
50.exd5 Rxd5 51.Rg4 Rd1 52.Re4 Rh1 53.Rxe5 Rxh2 54.Re6 Kb7 55.Re7+ Kc8 56.Ka6 Ra2+
57.Kb6 Rh2 58.Re8+ Kd7 59.Rb8 Rb2 60.Ka7 Ra2+ 61.Kb7 Rb2 62.b6 Ra2 63.Rh8 Rb2
64.Ka7 Ra2+ 65.Kb8 Rb2 66.b7 Kc6 67.Rh6+ Kd7 68.Ka7 Kc7 69.b8=Q+  1-0

[Event "TCh-Moscow 2012"]
[Site "Moscow RUS"]
[Date "2012.09.29"]
[Round "3.1"]
[White "Popov,Iv RUS"]
[Black "Oparin,G"]
[Result "1-0"]
[WhiteElo "2614"]
[BlackElo "2490"]

1.e4 c5 2.Nf3 d6 3.d4 cxd4 4.Nxd4 Nf6 5.Nc3 a6 6.Be3 e5 7.Nb3 Be6 8.f4 exf4
9.Bxf4 Nc6 10.Qe2 Rc8 11.h3 Nb4 12.O-O-O Nxa2+ 13.Nxa2 Bxb3 14.Nc3 Be6 15.e5 Nd7
16.exd6 Qa5 17.Qf3 g5 18.Be3 Rxc3 19.bxc3 Bxd6 20.Rxd6 Qa3+ 21.Kd1 Qxd6+
22.Bd4 O-O 23.Bd3 f6 24.Re1 Bf7 25.Qxb7 Rb8 26.Qe4 Rb1+ 27.Kd2 Rxe1 28.Qxh7+ Kf8
29.Kxe1 a5 30.Qf5 a4  1-0

[Event "Oslo GM Open 2012"]
[Site "Oslo NOR"]
[Date "2012.09.30"]
[Round "1.1"]
[White "Solodovnichenko,Y"]
[Black "Arvola,B"]
[Result "1-0"]
[WhiteElo "2602"]
[BlackElo "2296"]

1.e4 c5 2.Nf3 d6 3.d4 Nf6 4.Nc3 cxd4 5.Nxd4 a6 6.Be3 Ng4 7.Bc1 Nf6 8.Be3 e5
9.Nb3 Be6 10.Qd2 Nbd7 11.O-O-O b5 12.f4 Be7 13.Kb1 Rc8 14.h3 O-O 15.g4 exf4
16.Bxf4 Ne5 17.g5 Nfd7 18.Nd4 Nc5 19.Nf5 Re8 20.Nxe7+ Qxe7 21.Qxd6 Qxd6 22.Rxd6 Ng6
23.Bc1 b4 24.Ne2 Nxe4 25.Rb6 Bc4 26.Rg1 Nc5 27.Ng3 Re1 28.Rxb4 Ne5 29.Rh1 Rxc1+
30.Kxc1 Bxf1 31.Kb1 Bb5 32.Nf5 Nc6 33.Rh4 Rd8 34.c4 Ba4 35.b3 Nb4 36.bxa4 Rb8
37.a3 Nbd3+ 38.Kc2 Rb2+ 39.Kc3 Rb3+ 40.Kd2 Nf2 41.Re1 Rb2+ 42.Ke3 Ne6 43.c5 a5
44.c6 g6 45.Nd4 Nc7 46.Nb5 Nd5+ 47.Kf3 Nd3 48.Re8+ Kg7 49.c7 Rf2+ 50.Kg3  1-0

[Event "Tatry Open 2012"]
[Site "Tatranske Zruby SVK"]
[Date "2012.09.30"]
[Round "9.60"]
[White "Chovan,Milan"]
[Black "Hanzluvka,P"]
[Result "1/2-1/2"]
[WhiteElo "1786"]
[BlackElo "2032"]

1.e4 c5 2.Nf3 d6 3.d4 cxd4 4.Nxd4 Nf6 5.Nc3 a6 6.Be3 e6 7.f3 Be7 8.g4 Nc6
9.Qd2 Qa5 10.O-O-O h6 11.Kb1 Bd7 12.h4 Rc8 13.Bd3 Nxd4 14.Bxd4 e5 15.Be3 Be6
16.g5 Nh5 17.Nd5 Bd8 18.Qxa5 Bxa5 19.gxh6 gxh6 20.Rdg1 Bd8 21.Rg2 Kd7 22.Nb6+ Bxb6
23.Bxb6 Nf4 24.Rg7 Rcg8 25.Rxg8 Rxg8 26.Rg1 Rxg1+ 27.Bxg1 Nxd3  1/2-1/2

[Event "TATA 50th ch-IND National Premier"]
[Site "Kolkata IND"]
[Date "2012.10.01"]
[Round "1.15"]
[White "Karthikeyan,M2"]
[Black "Debashis,D"]
[Result "0-1"]
[WhiteElo "2299"]
[BlackElo "2454"]

1.e4 c5 2.Nf3 d6 3.d4 cxd4 4.Nxd4 Nf6 5.Nc3 a6 6.Be3 e5 7.Nb3 Be6 8.f3 h5
9.Qd2 Nbd7 10.O-O-O Rc8 11.Kb1 Be7 12.Be2 b5 13.Nd5 Bxd5 14.exd5 Nb6 15.Bxb6 Qxb6
16.Qd3 g6 17.Nd2 Kf8 18.Ne4 Kg7 19.g4 hxg4 20.fxg4 Nxe4 21.Qxe4 Rh3 22.Bd3 Bg5
23.Rdf1 Bf4 24.Rxf4 exf4 25.Qxf4 Qd8 26.Rf1 Qe7 27.a3 Rc5 28.Qd4+ Kg8 29.Rf4 Re3
30.b4 Rc7 31.Rf1 Rc8 32.Qf4 Rc7 33.h4 Qe5 34.Qf2 Rxd3 35.cxd3 Qc3 36.Re1 Qxd3+
37.Kb2 Rc3 38.g5 Rb3+ 39.Ka2 Rxa3+ 40.Kb2 Qc3+  0-1

[Event "TATA 50th ch-IND National Premier"]
[Site "Kolkata IND"]
[Date "2012.10.01"]
[Round "1.2"]
[White "Sethuraman,S"]
[Black "Gomes,Mary"]
[Result "0-1"]
[WhiteElo "2553"]
[BlackElo "2381"]

1.e4 c5 2.Nf3 d6 3.d4 cxd4 4.Nxd4 Nf6 5.Nc3 a6 6.Be3 e5 7.Nb3 Be6 8.Qd2 Nbd7
9.O-O-O Be7 10.f4 b5 11.Kb1 Rc8 12.f5 Bc4 13.g4 Nxg4 14.Rg1 Ndf6 15.Bd3 b4
16.Na4 Bb5 17.Nb6 Nxe3 18.Bxb5+ axb5 19.Qxe3 Rc5 20.Nd5 Nxd5 21.exd5 Rc4
22.Rxg7 Qc8 23.Rf1 Bf6 24.Rg2 Qa6 25.Rfg1 Ke7 26.Rg8 Rxg8 27.Rxg8 Rf4 28.Nd2 Qb7  0-1

[Event "TCh-ISL 2012-13"]
[Site "Reykjavik ISL"]
[Date "2012.10.05"]
[Round "1.1"]
[White "Teitsson,M"]
[Black "Kristinsson,Ba"]
[Result "0-1"]
[WhiteElo "2212"]
[BlackElo "2163"]

1.e4 c5 2.Nf3 d6 3.d4 cxd4 4.Nxd4 Nf6 5.Nc3 a6 6.Be3 e5 7.Nf3 Qc7 8.a4 Be6
9.Be2 Nbd7 10.O-O Rc8 11.a5 Be7 12.Nd5 Nxd5 13.exd5 Bf5 14.c4 O-O 15.b4 Bg4
16.Rc1 f5 17.Qb3 Kh8 18.Rc2 f4 19.Bd2 b6 20.axb6 Qxb6 21.Nd4 Bxe2 22.Nxe2 Nc5
23.Qh3 Ne4 24.Qd3 Nxd2 25.Qxd2 f3 26.Ng3 fxg2 27.Kxg2 Rf4 28.f3 Rfxc4 29.Rxc4 Rxc4
30.Rc1 Qc7 31.Rxc4 Qxc4 32.Nf5 Bf8 33.Kf2 Kg8 34.Qg5 g6 35.Ng3 Qxd5 36.h4 Qd4+
37.Kg2 Qf4 38.Qd8 Kf7 39.Qd7+ Kg8 40.Qe6+ Qf7 41.Qc8 Qa2+ 42.Kh3 Qb3 43.Qxa6 Qxb4
44.Ne4 Qb3 45.Kg3 Qf7 46.Nxd6 Qf4+ 47.Kh3 Qxf3+ 48.Kh2 Qf2+  0-1

[Event "3rd Copa Latino-Americana"]
[Site "Cali COL"]
[Date "2012.10.06"]
[Round "5.33"]
[White "Barbosa,D"]
[Black "Mateus,Mar"]
[Result "0-1"]
[WhiteElo "1764"]
[BlackElo "2130"]

1.e4 c5 2.Nf3 d6 3.d4 cxd4 4.Nxd4 Nf6 5.Nc3 a6 6.Be3 e5 7.Nb3 Be6 8.Be2 Be7
9.O-O O-O 10.Kh1 Nbd7 11.f4 Rc8 12.Nd2 exf4 13.Bxf4 Ne5 14.Nf3 Qa5 15.Qd4 Nc4
16.Nd1 d5 17.exd5 Bxd5 18.Bd3 Rfd8 19.Qf2 Be4 20.Bxc4 Rxc4 21.c3 Bd3 22.Re1 Ne4
23.Qg1 Qh5 24.Nf2 Bc5 25.Be3 Ng3+  0-1

[Event "TCh-Moscow 2012"]
[Site "Moscow RUS"]
[Date "2012.10.06"]
[Round "6.3"]
[White "Eliseev,U"]
[Black "Amonatov,F"]
[Result "0-1"]
[WhiteElo "2490"]
[BlackElo "2610"]

1.e4 c5 2.Nf3 d6 3.d4 cxd4 4.Nxd4 Nf6 5.Nc3 a6 6.Be3 e5 7.Nb3 Be7 8.Qd2 Ng4
9.g3 Nd7 10.Bh3 Ndf6 11.Bg5 h6 12.Bxf6 Nxf6 13.Bxc8 Rxc8 14.O-O O-O 15.Qd3 b5
16.a4 b4 17.Nd1 d5 18.Ne3 Nxe4 19.Nxd5 f5 20.Rad1 Qd6 21.Na5 Kh8 22.Nc4 Qe6
23.Nxe7 Qxe7 24.Nb6 Rcd8 25.Qc4 Nd2 26.Nd5 Qg5 27.f4 Nxc4 28.fxg5 Nxb2 29.Rb1 Rxd5
30.Rxb2 a5 31.gxh6 gxh6 32.Rb3 Kg7 33.Rbf3 Rd2 34.c3 e4 35.Re3 b3 36.Rf2 b2
37.Re1 e3  0-1

[Event "TCh-ISL 2012-13"]
[Site "Reykjavik ISL"]
[Date "2012.10.06"]
[Round "3.1"]
[White "Teitsson,M"]
[Black "Gunnlaugsson,G"]
[Result "1-0"]
[WhiteElo "2212"]
[BlackElo "1837"]

1.e4 c5 2.Nf3 d6 3.d4 cxd4 4.Nxd4 Nf6 5.Nc3 a6 6.Be3 e6 7.f4 Nc6 8.Qf3 Qc7
9.O-O-O Bd7 10.g4 Nxd4 11.Bxd4 e5 12.fxe5 dxe5 13.Qg3 Bd6 14.Be3 Bxg4 15.h3 Bxd1
16.Qxg7 O-O-O 17.Qxf6 Kb8 18.Nxd1 Qa5 19.Bc4 Rd7 20.Qxh8+  1-0

[Event "TCh-HUN 2012-13"]
[Site "Kecskemet HUN"]
[Date "2012.10.07"]
[Round "2"]
[White "Hajnal,Z"]
[Black "Acs,Peter"]
[Result "0-1"]
[WhiteElo "2384"]
[BlackElo "2586"]

1.e4 c5 2.Nf3 d6 3.d4 cxd4 4.Nxd4 Nf6 5.Nc3 a6 6.Be3 e5 7.Nb3 Be6 8.Qd2 Nbd7
9.O-O-O Qc7 10.f3 Rc8 11.Qf2 h5 12.Kb1 Be7 13.g3 g6 14.h3 b5 15.Rd2 Qb7 16.Bg2 b4
17.Ne2 a5 18.Rhd1 a4 19.Nbc1 Nc5 20.Bxc5 Rxc5 21.Nd3 Rc7 22.Nec1 O-O 23.Re1 b3
24.cxb3 axb3 25.a3 Rc4 26.g4 Rfc8 27.g5 Nd7 28.f4 exf4 29.h4 Ne5 30.Nxf4 Rc2
31.Rxc2 bxc2+ 32.Ka1 Rc3 33.Nxe6 Rxa3+ 34.Na2 Rxa2+ 35.Kxa2 Qa6+ 36.Kb3 Qc4+
37.Ka3 d5+  0-1

[Event "TCh-HUN 2012-13"]
[Site "Kecskemet HUN"]
[Date "2012.10.07"]
[Round "2"]
[White "Soos,A"]
[Black "Papp,Ga"]
[Result "0-1"]
[WhiteElo "2384"]
[BlackElo "2571"]

1.e4 c5 2.Nf3 d6 3.d4 cxd4 4.Nxd4 Nf6 5.Nc3 a6 6.Be3 e6 7.f4 b5 8.Qf3 Bb7
9.Bd3 Nbd7 10.g4 b4 11.Nce2 Nc5 12.Ng3 Nfd7 13.O-O-O g6 14.h4 Bg7 15.h5 e5
16.h6 Bf6 17.g5 exd4 18.Bf2 Be7 19.Bxd4 O-O 20.Bg7 Re8 21.Kb1 Bf8 22.Rdf1 Qe7
23.Bd4 Rac8 24.f5 Ne5 25.Qe2 a5 26.Nh5 gxh5 27.Qxh5 Ba6 28.Ka1 Bxd3 29.g6 Bxf1
30.Rxf1 fxg6  0-1

[Event "TATA 50th ch-IND National Premier"]
[Site "Kolkata IND"]
[Date "2012.10.07"]
[Round "7.20"]
[White "Shashikant,K"]
[Black "Arindam,M"]
[Result "1-0"]
[WhiteElo "2307"]
[BlackElo "2265"]

1.e4 c5 2.Nf3 d6 3.d4 cxd4 4.Nxd4 Nf6 5.Nc3 a6 6.Be3 e6 7.Be2 Be7 8.O-O Qc7
9.f4 Nbd7 10.Bf3 Rb8 11.a4 b6 12.Kh1 Bb7 13.Qe2 O-O 14.e5 Ne8 15.Rad1 g6
16.Bc1 dxe5 17.fxe5 Ng7 18.Bxb7 Qxb7 19.Ne4 Rbd8 20.Qf3 Kh8 21.Ng5 Qxf3 22.Ngxf3 Nb8
23.Bg5 Bxg5 24.Nxg5 Kg8 25.Ne4 Nf5 26.Nxf5 exf5 27.Nf6+ Kg7 28.Nd5 Nd7 29.e6 fxe6
30.Nc7 Kf6 31.Rd6 Nc5 32.Rxb6 Rc8 33.Rc6 Ne4 34.b4 Rfd8 35.b5 axb5 36.axb5 Kf7
37.Nxe6 Re8 38.Nc7 Re5 39.c4 Nc5 40.h3 Nb7 41.Nd5 Ree8 42.Ra1 Rxc6 43.bxc6 Nd6
44.Ra7+  1-0

[Event "TATA 50th ch-IND National Premier"]
[Site "Kolkata IND"]
[Date "2012.10.07"]
[Round "7.19"]
[White "Karthikeyan,M2"]
[Black "Suvrajit,S"]
[Result "1/2-1/2"]
[WhiteElo "2299"]
[BlackElo "2362"]

1.e4 c5 2.Nf3 d6 3.d4 cxd4 4.Nxd4 Nf6 5.Nc3 a6 6.Be3 e5 7.Nb3 Be6 8.f3 Nbd7
9.Qd2 Be7 10.O-O-O O-O 11.g4 b5 12.Kb1 Qc7 13.g5 Nh5 14.Nd5 Bxd5 15.exd5 Nb6
16.Na5 Nxd5 17.Qxd5 Qxa5 18.c4 Rab8 19.Bd3 g6 20.Rc1 Qd8 21.h4 bxc4 22.Bxc4 a5
23.Bb5 Kh8 24.a4 Ng3 25.Rhg1 Nf5 26.Ba7 Rc8 27.Qb7 Kg8 28.Bd7 Rxc1+ 29.Rxc1 Qa8
30.Qxa8 Rxa8 31.Rc7 Bd8 32.Rb7 Nxh4 33.Be8 Nxf3 34.Bxf7+ Kh8 35.Bd5 Nd2+
36.Kc2 Bxg5 37.Rd7 Rc8+ 38.Kd3 h5 39.Bb6 h4 40.Rxd6 h3 41.Bg1 Kg7 42.Bh2 e4+
43.Ke2 Re8 44.Bc6 Rc8 45.Bd7 Rc2 46.Kd1 Rxb2 47.Be5+ Kf7 48.Bxh3 Rb1+ 49.Kc2 e3
50.Be6+ Ke7 51.Bg4 Rb4 52.Be2 Nc4 53.Rxg6 Nxe5 54.Rxg5 Kd6 55.Rg3 Re4 56.Rh3 Kc5
57.Kc3 Nc4 58.Bxc4 Rxc4+ 59.Kd3 Rxa4 60.Rxe3 Ra3+ 61.Kd2 Rxe3 62.Kxe3 Kc4
63.Kd2 Kb3 64.Kc1 Ka2 65.Kc2 a4 66.Kc1  1/2-1/2

[Event "3rd Copa Latino-Americana"]
[Site "Cali COL"]
[Date "2012.10.09"]
[Round "9.43"]
[White "Barbosa,D"]
[Black "Bolanos,Brigeth"]
[Result "1/2-1/2"]
[WhiteElo "1764"]
[BlackElo "1827"]

1.e4 c5 2.Nf3 d6 3.d4 cxd4 4.Nxd4 Nf6 5.Nc3 a6 6.Be3 Ng4 7.Bd2 Qb6 8.f3 Qxd4
9.fxg4 b5 10.Bd3 Nd7 11.h3 e6 12.Qe2 Qb6 13.Qe3 Nc5 14.Be2 Qc7 15.Bf3 Bb7
16.O-O Be7 17.Ne2 Nd7 18.Bc3 Ne5 19.Ng3 h6 20.Be2 Bg5 21.Qf2 Bh4 22.Bxe5 dxe5
23.Bd3 O-O 24.Qe3 Be7 25.Kh1 Bc5 26.Qf3 Rad8 27.Rad1 Bd4 28.b3 Qe7 29.c4 b4
30.Ne2 Bc5 31.Bc2 Rxd1 32.Rxd1 Rd8 33.Rxd8+ Qxd8 34.Qd3 Qxd3 35.Bxd3 Kf8  1/2-1/2

[Event "TATA 50th ch-IND National Premier 2012"]
[Site "Kolkata IND"]
[Date "2012.10.10"]
[Round "9.15"]
[White "Rajesh,VA"]
[Black "Gomes,Mary"]
[Result "0-1"]
[WhiteElo "2395"]
[BlackElo "2381"]

1.e4 c5 2.Nf3 d6 3.d4 cxd4 4.Nxd4 Nf6 5.Nc3 a6 6.Be3 e5 7.Nb3 Be6 8.f3 Nbd7
9.g4 Be7 10.Qd2 Rc8 11.O-O-O b5 12.g5 Nh5 13.Nd5 Bxd5 14.exd5 Nb6 15.Na5 Nxd5
16.Qxd5 Qxa5 17.Bh3 Rc4 18.Qa8+ Qd8 19.Qxa6 O-O 20.Qxb5 Rh4 21.Bd7 Bxg5 22.Bxg5 Qxg5+
23.Kb1 Nf6 24.Bc6 Qf4 25.a4 e4 26.fxe4 Nxe4 27.Qb4 d5 28.Bxd5 Rb8 29.Bxe4 g6
30.Qc3 Qxe4 31.b3 Qb7 32.Kc1 Qe7 33.Rd4 Rh5 34.Re1 Qg5+ 35.Kb1 Qf5 36.Rde4 Rf8
37.Re8 Qc5 38.Rxf8+ Qxf8 39.Qc6 Kg7 40.Qc3+ f6 41.Qc7+ Kh6 42.Re7 Kg5 43.Qc5+ f5
44.Qe3+ f4 45.Qc5+ Kh4 46.Qf2+ Kg5 47.Qg1+ Kh6 48.Qa7 Qh8 49.Qc7 Rf5 50.Re1 f3
51.Qe7 Qd4 52.Rf1 Qf4 53.Qe1 g5 54.a5 Rf6 55.h3 Qf5 56.Qd1 f2 57.Qd4 Kg6
58.Kb2 Qxa5 59.Rxf2 Ra6 60.Qe4+ Kh6 61.Kc1 Qc3  0-1